Estravagario /
Guardado en:
| Autor Principal: | |
|---|---|
| Formato: | Libro |
| Publicado: |
Buenos Aires :
Losada,
1977
|
| Edición: | 5a. ed. |
| Series: | Biblioteca cl sica, 355
|
| Materias: | |
| Etiquetas: |
Agregar Etiqueta
Sin Etiquetas, Sea el primero en etiquetar este registro!
|
| LEADER | 00593nam a22002175a 4500 | ||
|---|---|---|---|
| 001 | CEM.cems010056 | ||
| 005 | 20060214000000.0 | ||
| 008 | 130507s1977##################000#0#####d | ||
| 003 | CEMS | ||
| 082 | 0 | 4 | |a Ch861.4 |
| 100 | 1 | |a Neruda, Pablo Seud. | |
| 245 | 1 | 0 | |a Estravagario / |
| 250 | |a 5a. ed. | ||
| 260 | |a Buenos Aires : |b Losada, |c 1977 | ||
| 300 | |a 178 p. | ||
| 490 | 0 | |a Biblioteca cl sica, 355 | |
| 653 | |a Literatura | ||
| 653 | |a Literatura chilena siglo 20 | ||
| 653 | |a Poesias | ||
| 653 | |a Poesias chilenas siglo 20 | ||
| 859 | |a CEMS |b BIB. CEMS - 11 de abril |h Ch861.4 |i N358-9 |p 20570.99 |t Ej.1 | ||
